Etiología de la esquizofrenia /

Frente a las tendenc¡as reduccionistas de abordar el problema de la esquizofrenia sólo como una enfermedad, el autor reúne los trabajos de diversos especialistas que desde sus disciplinas han investigado respecto a este trastorno psicosomático, con el propósito de ampliar su abordaje clínico.

Tallennettuna:
Bibliografiset tiedot
Päätekijä: Jackson, Don D. (comp.)
Aineistotyyppi: Kirja
Kieli:espanja
Julkaistu: Buenos Aires, Argentina : Amorrortu, 1974, c1974
Sarja:(Biblioteca de Psicología Amorrortu)
Aiheet:
Tagit: Lisää tagi
Ei tageja, Lisää ensimmäinen tagi!

MARC

LEADER 00000nam^a2200000^a^4500
001 000186770
005 20250521000000.0
009 20260310102236.923
037 |a Acervo ITESO - Biblioteca 
041 |a ESP 
082 |a 616. 8982  |b JAC 
100 |a Jackson, Don D.  |e (comp.) 
240 1 1 |a [Etiología de la esquizofrenia] 
245 1 0 |a Etiología de la esquizofrenia /  |c Comp. de D.D. Jackson ; tr. por Flora Setaro y Andrés Pirk. 
264 4 |a Buenos Aires, Argentina :  |b Amorrortu,  |c 1974, c1974 
300 |a 445 p. 
336 |a texto  |b txt  |2 rdacontenido 
337 |a sin mediación  |b n  |2 rdamedio 
338 |a volumen  |b nc  |2 rdasoporte 
440 1 |a (Biblioteca de Psicología Amorrortu) 
500 |a Traducción de: The Etiology of Schizophrenia 
520 |a Frente a las tendenc¡as reduccionistas de abordar el problema de la esquizofrenia sólo como una enfermedad, el autor reúne los trabajos de diversos especialistas que desde sus disciplinas han investigado respecto a este trastorno psicosomático, con el propósito de ampliar su abordaje clínico. 
649 |a XX 
650 |a Esquizofrenia -  |x Aspectos Sociales y Culturales 
650 |a Esquizofrenia 
650 |a Psicosis 
650 |a Trastornos Psicosomáticos 
650 |a Psicopatología 
650 |a Neuropsicología 
650 |a Terapia Familiar 
650 |a Genética 
650 |a Bioquímica 
650 |a Psicología Clínica 
650 |a Psiquiatría 
910 |a Fondo Armando Suárez Gómez 
920 |a Impresos - Libros 
930 |a Fondos Especiales 
905 |a 111 
901 |a 0700002681  |b IT2  |c ESP  |u 20250521 
902 |a https://opac.biblio.iteso.mx/vufind/Record/000186770